Countries in 50 Random Squares of the World Map - Statistics

General Stats
  • This quiz has been taken 102 times
  • The average score is 48 of 50
Answers on the Map
Answers color-coded by a green-red scale on the quiz's map according to % correct below.
 
Answer Stats
Box % Correct
Algeria / Mali / Mauritania / Guinea / Burkina Faso / Ghana / Togo / Benin / Nigeria / Niger
100%
Australia
100%
Australia
100%
Australia / Indonesia / East Timor
100%
Australia / Indonesia / Papua New Guinea
100%
Australia / Vanuatu
100%
Brazil
100%
Brazil
100%
Brazil
100%
Brazil / Bolivia / Peru
100%
Canada
100%
Canada
100%
Canada
100%
Canada
100%
Canada
100%
Canada
100%
Canada
100%
Canada
100%
Cape Verde / Morocco / Mauritania / Mali / Senegal / Gambia / Guinea / Guinea-Bissau
100%
Chile / Argentina
100%
Chile / Argentina
100%
China / Bhutan / Bangladesh / India / Myanmar
100%
China / Taiwan / Philippines
100%
China / Taiwan / South Korea / Japan
100%
Colombia / Venezuela / Brazil / Guyana / France / Trinidad and Tobago / Suriname
100%
Cuba / Bahamas / Dominican Republic / Haiti / Jamaica / Belize / Guatemala / Honduras / El Salvador / Nicaragua / Costa Rica / Colombia / Venezuela / Netherlands / Mexico
100%
Dominican Republic / Grenada / Trinidad and Tobago / Antigua and Barbuda / St Kitts and Nevis / St Vincent and the Grenadines / Barbados / Venezuela / Netherlands / France / St Lucia / Dominica
100%
Ecuador / Peru / Brazil / Colombia / Bolivia
100%
Fiji / Tonga
100%
Germany / Slovakia / Czech Republic / Poland / Ukraine / Moldova / Romania / Bulgaria / Greece / Turkey / Macedonia / Italy / Vatican City / San Marino / Slovenia / Austria / Hungary / Croatia / Bosnia and Herzegovina / Albania / Montenegro / Kosovo / Serbia
100%
Guinea / Liberia / Ivory Coast / Mali / Burkina Faso / Ghana / Togo / Benin / Nigeria / Cameroon / Gabon / São Tomé and Príncipe / Equatorial Guinea
100%
Iceland
100%
Iceland / Ireland
100%
India / Bangladesh
100%
India / Bangladesh / Myanmar / Thailand / Laos / China / Vietnam / Cambodia
100%
India / Sri Lanka / Maldives
100%
Indonesia
100%
Iran / Turkmenistan / Afghanistan / Pakistan / Tajikistan / Uzbekistan / Qatar / Saudi Arabia / United Arab Emirates / Oman / India
100%
Ireland / United Kingdom / Belgium / Netherlands / Germany / Denmark / Norway
100%
Kenya / Tanzania / Mozambique / Comoros / Madagascar / Malawi / Zambia / France (Mayotte)
100%
Libya / Egypt / Sudan / Chad / Nigeria / Niger / Cameroon / Algeria
100%
Malawi / Mozambique / Madagascar / Zimbabwe / Eswatini / South Africa
100%
Mauritius / France (Réunion)
100%
Mexico / Guatemala / El Salvador
100%
Myanmar / Vietnam / Malaysia / Thailand / Singapore / Indonesia
100%
Norway / Sweden / Finland / Russia
100%
Norway / Sweden / Finland / Russia / Estonia / Latvia / Lithuania / Belarus / Ukraine / Poland / Denmark / Germany
100%
Palau / Micronesia / Indonesia
100%
Philippines / Brunei / Malaysia / Indonesia
100%
Portugal / Spain / France / Andorra / Monaco / United Kingdom / Italy / Switzerland / Liechtenstein / Austria / Germany / Belgium / Netherlands / Luxembourg
100%
R. of the Congo / D.R. of the Congo / Burundi / Rwanda / Tanzania / Angola / Zambia / Zimbabwe / Mozambique / Gabon
100%
Russia
100%
Russia
100%
Russia
100%
Russia
100%
Russia
100%
Russia
100%
Russia
100%
Russia
100%
Russia
100%
Russia
100%
Russia
100%
Russia / China
100%
Russia / China / Japan
100%
Russia / China / Mongolia
100%
Russia / China / Mongolia / South Korea / North Korea
100%
Russia / Finland / Belarus / Ukraine / Kazakhstan
100%
Russia / Kazakhstan
100%
Russia / Kazakhstan
100%
Russia / Kazakhstan / Kyrgyzstan / Tajikistan / Uzbekistan / Afghanistan / China / Mongolia
100%
Russia / Kazakhstan / Turkmenistan / Tajikistan / Uzbekistan / Iran / Kyrgyzstan / Afghanistan
100%
Russia / Mongolia
100%
Saudi Arabia / United Arab Emirates / Oman / Yemen / India / Pakistan
100%
Spain / Portugal / Morocco / Mauritania / Algeria / Tunisia / Mali / Libya
100%
Sudan / South Sudan / D.R. of the Congo / R. of the Congo / Rwanda / Uganda / Central African Republic / Chad / Cameroon / Nigeria / Gabon / Equatorial Guinea / Burundi / Tanzania
100%
Tajikistan / Pakistan / Afghanistan / India / China / Nepal / Bangladesh / Bhutan
100%
Tunisia / Italy / Malta / Greece / Turkey / Egypt / Libya
100%
Ukraine / Russia / Armenia / Georgia / Azerbaijan / Turkey / Iran
100%
United States
100%
United States
100%
United States
100%
United States / Bahamas
100%
United States / Canada
100%
United States / Canada
100%
United States / Canada
100%
United States / Canada
100%
United States / Canada
100%
United States / Canada
100%
United States / Mexico
100%
United States / Mexico
100%
Micronesia / Nauru / Marshall Islands / Kiribati
89%
New Zealand
89%
Japan
88%
New Zealand
88%
Egypt / Sudan / South Sudan / Eritrea / Djibouti / Somalia / Ethiopia / Saudi Arabia / Yemen
86%
Turkey / Syria / Cyprus / Egypt / Israel / Lebanon / Jordan / Saudi Arabia / Kuwait / Iraq / Iran / Bahrain
86%
Argentina / Uruguay / Brazil
83%
Australia
83%
Costa Rica / Panama / Colombia / Venezuela / Brazil / Peru / Ecuador
83%
Peru / Bolivia / Chile / Argentina
83%
South Africa / Lesotho
83%
Guinea / Sierra Leone / Liberia
80%
New Zealand
80%
Sudan / South Sudan / Ethiopia / Kenya / Uganda / Tanzania / Somalia
80%
Australia
75%
Australia
75%
Morocco / Mauritania
75%
Namibia / Angola / Zambia / Zimbabwe / South Africa / Lesotho / Botswana
75%
Brazil / Paraguay / Argentina / Chile / Bolivia
67%
Papua New Guinea / Solomon Islands / Vanuatu
67%
Seychelles
60%
No matching quizzes found
Score Distribution
Percent of People with Each Score
Percentile by Number Answered
Your Score History
You have not taken this quiz